|
|
|
|
| LEADER |
01289nam a2200265 a 4500 |
| 001 |
3100759 |
| 008 |
091101s1999 ii b 001 0 eng d |
| 010 |
|
|
|a 98908917
|
| 020 |
|
|
|a 9848245132
|
| 020 |
|
|
|a 8170032180
|
| 040 |
|
|
|a DLC
|c DLC
|
| 082 |
0 |
0 |
|a 351.5492
|2 21
|
| 100 |
1 |
|
|a Kabir, Bhuian Md. Monoar.
|
| 245 |
1 |
0 |
|a Politics of military rule and the dilemmas of democratization in Bangladesh /
|c Bhuian Md. Monoar Kabir.
|
| 260 |
|
|
|a New Delhi :
|b South Asian Publishers :
|a Dhaka;
|b Parama,
|c c1999.
|
| 300 |
|
|
|a viii, 275 p. ;
|c 23 cm.
|
| 504 |
|
|
|a Includes bibliographical references (p. [259]-270) and index.
|
| 541 |
1 |
|
|e 00012492
|
| 651 |
|
0 |
|a Bangladesh
|x Politics and government
|y 1971-
|
| 651 |
|
0 |
|a Bangladesh
|x Armed Forces
|x Political activity.
|
| 650 |
|
0 |
|a Democracy.
|
| 852 |
4 |
|
|a Ayesha Abed Library
|j General Shelf.
|
| 999 |
|
|
|c 4994
|d 4994
|
| 952 |
|
|
|0 0
|1 0
|2 ddc
|4 0
|6 351_549200000000000_KAB
|7 0
|9 4827
|a BRACUL
|b BRACUL
|c GEN
|d 2009-11-02
|g 0.00
|l 1
|m 1
|o 351.5492 KAB
|p 3010012492
|r 2019-02-12
|s 2019-02-05
|t 1
|w 2009-11-02
|y BK
|x No price found in the accession register.
|
| 952 |
|
|
|0 0
|1 0
|2 ddc
|4 0
|6 351_549200000000000_KAB
|7 0
|9 4828
|a BRACUL
|b BRACUL
|c GEN
|d 2009-11-02
|g 0.00
|l 1
|m 18
|o 351.5492 KAB
|p 3010012486
|r 2023-06-01
|s 2023-01-31
|t 1
|w 2009-11-02
|y BK
|x No price found in the accession register.
|